000 00317pab a2200133 454500
008 180718b1996 xxu||||| |||| 00| 0 eng d
245 _aSPECIAL issue on world AIDS day
260 _c1996
300 _ap.2-40
362 _aNov-Dec
650 _aHealth services
773 _aHealth for the Millions
909 _a32937
999 _c32937
_d32937